000 00752nam a22002297i 4500
001 IT\ICCU\UBO\4887516
003 ItRI
005 20260123225303.0
008 250627s2025 it |||||| |||||0|||||c
020 _a9791281477070
040 _bita
_cArcigay Queer VdA
041 7 _aita
_2ISO-639-2
100 1 _aRoberti, Valeria
_0IT\ICCU\TO0V\709846
_4aut
240 1 0 _aFuori dai binari : identità non binarie e approcci queer a scuola
_9Roberti, Valeria
245 1 0 _aFuori dai binari :
_bidentità non binarie e approcci queer a scuola /
_cValeria Roberti.
260 _aCagli :
_bSettenove,
_c2025
300 _a119 p. ;
_c24 cm
650 7 _aIdentità sessuale
_xEducazione
942 _2ddc
_cBK
_n0
981 1 _6z01
_ai
_bxxxe
982 1 _6z01
_an
999 _c8199
_d8199